Normal view
MARC view
- Thalappil, N N
Entry Personal Name
001 - CONTROL NUMBER
- control field: 5525
003 - CONTROL NUMBER IDENTIFIER
- control field: OSt
005 - DATE AND TIME OF LATEST TRANSACTION
- control field: 20231013113243.0
008 - FIXED-LENGTH DATA ELEMENTS
- fixed length control field: 231013|| aca||aabn | a|a d
040 ## - CATALOGING SOURCE
- Original cataloging agency: OSt
- Transcribing agency: OSt
100 ## - HEADING--PERSONAL NAME
- Personal name: Thalappil, N N
670 ## - SOURCE DATA FOUND
- Source citation: Work cat.: (OSt)17744: Thalappil, N N, Kallum Karayum
